| 000 | 00000nam##2200000za#4500 |
| 001 | 9.635928 |
| 003 | CaOODSP |
| 005 | 20210624220506 |
| 007 | cr ||||||||||| |
| 008 | 150407|2008||||xxc|||||o f|0| 0 fre|d |
| 020 | |a978-1-100-90307-1 |
| 040 | |aCaOODSP|bfre |
| 043 | |an-cn--- |
| 086 | 1 |aX9-29/2008F-PDF |
| 110 | 1 |aCanada. |bParlement. |bChambre des communes. |
| 245 | 10|aAperçu stratégique pour la 40e législature |h[ressource électronique] |
| 260 | |aOttawa - Ontario : |bChambre des communes |c[2008]. |
| 300 | |a11p. |
| 500 | |aLe n° de catalogue (X9-27/2009) et le n° ISBN (978-0-662-06699-6) copiés dans cette édition PDF sont incorrects. |
| 590 | |a12-35-Supp|b2012-08-09 |
| 691 | 07|aChambre des communes|2gcpds |
| 691 | 07|aGestion|2gcpds |
| 775 | 08|tStrategic outlook for the 40th Parliament |w(CaOODSP)9.691602 |
| 856 | 40|ahttp://publications.gc.ca|qPDF|s1943 Ko|uhttps://publications.gc.ca/collections/collection_2012/parl/X9-29-2008-fra.pdf |